| 000 | 00803nam0a22002531 4500 | ||
|---|---|---|---|
| 001 | rc\3514810 | ||
| 005 | 20250610013448.0 | ||
| 021 |
_aRU _b[70-66725] |
||
| 035 | _a(NLR Aleph) 007620202 | ||
| 090 |
_a5912391 _c5912391 |
||
| 100 | _a20130115d1970 |||y0rusy50 ca | ||
| 101 | 0 | _arus | |
| 102 | _aRU | ||
| 105 | _ay z |||a| | ||
| 200 | 1 |
_aГолубые расстояния _eСтихи и поэма ["Горячие сердца"] |
|
| 210 |
_aДонецк _cДонбасс _d1970 |
||
| 215 |
_a83 с. _d17 |
||
| 464 | 0 |
_12001#$aГорячие сердца$eПоэма _tГорячие сердца |
|
| 700 | 1 |
_aБугорков _bС.С. _f1920- _gСтепан Степанович |
|
| 801 | 0 |
_aRU _bNLR _gpsbo |
|
| 801 | 1 |
_aRU _bELAR _2rusmarc |
|
| 852 |
_aNLR _j70-2/1606 |
||
| 942 | _cBOOK | ||
| 980 | _aNB | ||